[Event "Vaujany op 5th"]
[Site "Vaujany"]
[Date "2014.07.13"]
[Round "4.23"]
[White "Grimm, Gyorgy"]
[Black "Nazarchuk, Eugene"]
[Result "1-0"]
[WhiteElo "2087"]
[BlackElo "1857"]
[PlyCount "37"]
[EventDate "2014.07.10"]
[EventType "swiss"]
[EventRounds "9"]
[EventCountry "FRA"]
[SourceTitle "EXT 2017"]
[Source "ChessBase"]
[SourceDate "2016.10.25"]
[SourceVersion "1"]
[SourceVersionDate "2016.10.25"]
[SourceQuality "1"]

1. e4 e5 2. Nf3 Nc6 3. Bb5 a6 4. Ba4 Nf6 5. d3 d6 6. c4 Be7 7. h3 0-0 8. Be3 Bd7 9. Nc3 Nb8 10. 0-0 c6 11. c5 d5 12. Nxe5 Bxh3 13. d4 Be6 14. Bb3 Qc8 15. Bg5 h6 16. Bxf6 Bxf6 17. exd5 cxd5 18. f4 Rd8 19. f5 1-0

[Event "Vaujany op 5th"]
[Site "Vaujany"]
[Date "2014.07.10"]
[Round "1.3"]
[White "Nazarchuk, Eugene"]
[Black "Rodriguez, Jean Pierre"]
[Result "1-0"]
[WhiteElo "1857"]
[BlackElo "1587"]
[PlyCount "41"]
[EventDate "2014.07.10"]
[EventType "swiss"]
[EventRounds "9"]
[EventCountry "FRA"]
[SourceTitle "EXT 2017"]
[Source "ChessBase"]
[SourceDate "2016.10.25"]
[SourceVersion "1"]
[SourceVersionDate "2016.10.25"]
[SourceQuality "1"]

1. d4 g6 2. e4 Bg7 3. Nc3 d6 4. Be3 Nd7 5. Qd2 a6 6. Nf3 e5 7. 0-0-0 b5 8. dxe5 Nxe5 9. Nxe5 Bxe5 10. f4 Bg7 11. e5 Bg4 12. Be2 Bxe2 13. Qxe2 Bf8 14. exd6 Bg7 15. d7+ Kf8 16. Bc5+ Ne7 17. Nd5 Bf6 18. Nxf6 Kg7 19. Bxe7 Qb8 20. Nh5+ gxh5 21. Qe5+ 1-0

[Event "Dauphine Savoie-ch"]
[Site "Eybens Chambery"]
[Date "2014.05.25"]
[Round "3"]
[White "Budin, Florent"]
[Black "Nazarchuk, Eugene"]
[Result "1/2-1/2"]
[WhiteElo "1906"]
[BlackElo "1802"]
[PlyCount "47"]
[EventDate "2014.05.24"]
[EventType "swiss"]
[EventRounds "7"]
[EventCountry "FRA"]
[SourceTitle "EXT 2015"]
[Source "ChessBase"]
[SourceDate "2014.11.20"]
[SourceVersion "1"]
[SourceVersionDate "2014.11.20"]
[SourceQuality "1"]

1. d4 Nf6 2. Nf3 g6 3. c4 Bg7 4. Nc3 d5 5. e3 0-0 6. Be2 c5 7. 0-0 cxd4 8. exd4 Nc6 9. Bf4 Re8 10. h3 e6 11. c5 Ne4 12. Bb5 Nxc3 13. bxc3 f6 14. Re1 Bd7 15. Bd6 Rc8 16. Rb1 Qa5 17. Qb3 a6 18. Bf1 Nd8 19. c4 Bc6 20. cxd5 Bxd5 21. Qxd5 exd5 22. Rxe8+ Kf7 23. Re7+ Kg8 24. Re8+ 1/2-1/2

[Event "Dauphine Savoie-ch"]
[Site "Eybens Chambery"]
[Date "2014.05.24"]
[Round "1"]
[White "Bandet, Raphael"]
[Black "Nazarchuk, Eugene"]
[Result "1/2-1/2"]
[WhiteElo "1984"]
[BlackElo "1802"]
[PlyCount "76"]
[EventDate "2014.05.24"]
[EventType "swiss"]
[EventRounds "7"]
[EventCountry "FRA"]
[SourceTitle "EXT 2015"]
[Source "ChessBase"]
[SourceDate "2014.11.20"]
[SourceVersion "1"]
[SourceVersionDate "2014.11.20"]
[SourceQuality "1"]

1. e4 e5 2. Nf3 Nc6 3. Bc4 Bc5 4. c3 Nf6 5. d3 0-0 6. 0-0 d6 7. Bb3 Ne7 8. d4 exd4 9. cxd4 Bb6 10. Nc3 Bg4 11. Be3 d5 12. e5 Ne4 13. h3 Bh5 14. Bc2 f5 15. exf6 Nxf6 16. Bg5 h6 17. Bh4 Qd7 18. Ba4 Qf5 19. Bc2 Qd7 20. Re1 Rae8 21. Ba4 c6 22. Ne5 Qc8 23. Qd3 Nf5 24. Bxf6 Rxf6 25. Rac1 Bxd4 26. Ng4 Bxg4 27. hxg4 Rxe1+ 28. Rxe1 Bxc3 29. bxc3 Nd6 30. Qe2 Ne4 31. Bb3 Nxf2 32. c4 Qxg4 33. cxd5 Qf4 34. dxc6+ Kh8 35. cxb7 Nh3+ 36. gxh3 Qg3+ 37. Kh1 Qxh3+ 38. Qh2 Rf1+ 1/2-1/2